000 01206nam a22002537a 4500
005 20170124103158.0
010 _aB-073233
020 _c600.00
035 _aB-073233
037 _bCen Lib/Ret
040 _aDPL
_bHN
082 _a181.4
_bभारती
245 _aभारतीय दर्शन /
_cसंपादक सुरेन्द्र सिंह नेगी
246 _aBhartiya darhsan
_bsampadak Surendra Singh Negi
260 _aगाज़ियाबाद
_bके.एल.पचौरी प्रकाशन
_c2001
270 _aडी- ब्लाक एक्स , इन्द्रापुरी लोनी
_bगाज़ियाबाद
_e201102
300 _a420पृष्ठ. :
_c20सेमी(सजिल्द)
_bचित्र.
650 _aभारतीय दर्शन शास्त्र
_990413
650 _aजैन दर्शन - बोद्ध दर्शन
_990414
650 _aIndian Philosophy
_990415
650 _aJain philosophy - Buddhist Philosophy
_990416
700 _aनेगी, सुरेन्द्र सिंह
_944967
942 _2ddc
_cHN
_h181.4
_mभारती
999 _c120437
_d120437